Detalles MARC
| 000 -ENCABEZADO |
| Número de control [NR] |
02122nam a2200301Ia 4500 |
| 008 - DE LONGITUD FIJA DE DATOS DE ELEMENTOS - INFORMACIÓN GENERAL |
| Elementos de longitud fija [NR] |
130821s1944 xx gs mul |
| 040 ## - FUENTE DE CATALOGACION [NR] |
| Agencia de catalogación original [NR] |
Co-BoUCM |
| Idioma de catalogación [NR] |
spa |
| 041 00 - CODIGO DE IDIOMA [R] |
| Código de idioma para texto/pista de sonido o título separado [R] |
|
| 092 ## - SIGNATURA TOPOGRAFICA LOCAL |
| Número de clasificación local |
DVD 0464 |
| 245 10 - MENCION DE TITULO [NR] |
| Título [NR] |
Henry V |
| Mención de responsabilidad, etc. [NR] |
[DVD] |
| 260 ## - PUBLICACION, DISTRIBUCION, ETC. (PIE DE IMPRENTA) [R] |
| Lugar de publicación, distribución, etc. [R] |
[Lugar desconocido] |
| Nombre del editor, distribuidor, etc. [R] |
Two Cities Films |
| Fecha de publicación, distribución, etc. [R] |
1944 |
| 300 ## - DESCRIPCION FISICA [R] |
| Extensión [R] |
1 DVD |
| 500 ## - NOTA GENERAL [R] |
| Nota general [NR] |
SINOPSIS: El joven rey Enrique V, poco después de su coronación, desea recuperar algunos territorios en poder de Francia. Ante la imposibilidad de llegar a un acuerdo con el monarca francés, lleva a sus soldados a Agincourt, donde, en una feroz batalla, se impondrá la valentía y la sabiduría del rey inglés. |
| 508 ## - NOTA DE CREDITOS DE CREACION/PRODUCCION [R] |
| Nota de créditos de creación/producción [NR] |
CREDITOS: Director, Laurence Olivier; Guión: Laurence Olivier, Alan Dent, según la obra de Shakespeare; Producción: Dallas Coger, Eagle-Lion y Two Cities Films; Productor: Laurence Olivier y Filippo del Giudice; Fotografía: Robert Krasker y Jack Hildyard; Montaje Reginald Beck; Música original, William Walton. |
| 511 ## - NOTA DE PARTICIPANTE O INTERPRETE [R] |
| Nota de participante o intérprete [NR] |
Leslie Banks, Felix Aylmer, Robert Helpmann, Vernon Greeves, Gerald Case, Griffith Jones, Morland Graham, Nicholas Hannen, Michael Warre, Laurence Olivier, Ralph Truman, Ernest Thesiger, Roy Emerton, Robert Newton, Freda Jackson, George Cole, George Robey, Harcourt Williams, Russell Thorndike, Leo Genn, Francis Lister, Max Adrian, Jonathan Field, Esmond Knight. |
| 546 ## - NOTA DE IDIOMA [R] |
| Nota de idioma [NR] |
Audio en Inglés. Subtítulos en Español. |
| 650 04 - ASIENTO SECUNDARIO DE MATERIA - TERMINO TEMATICO [R] |
| Término temático o nombre geográfico como elemento de entrada [NR] |
Entretenimiento |
| 9 (RLIN) |
26487 |
| 650 04 - ASIENTO SECUNDARIO DE MATERIA - TERMINO TEMATICO [R] |
| Término temático o nombre geográfico como elemento de entrada [NR] |
Literatura europea |
| 9 (RLIN) |
26524 |
| 650 04 - ASIENTO SECUNDARIO DE MATERIA - TERMINO TEMATICO [R] |
| Término temático o nombre geográfico como elemento de entrada [NR] |
Literatura inglesa |
| Subdivisión de forma [R] |
Versiones cinematográficas |
| -- |
DVD |
| 9 (RLIN) |
272 |
| 650 04 - ASIENTO SECUNDARIO DE MATERIA - TERMINO TEMATICO [R] |
| Término temático o nombre geográfico como elemento de entrada [NR] |
Películas cinematográficas |
| Subdivisión de forma [R] |
DVD |
| -- |
Versiones cinematográficas |
| -- |
DVD |
| 650 04 - ASIENTO SECUNDARIO DE MATERIA - TERMINO TEMATICO [R] |
| Término temático o nombre geográfico como elemento de entrada [NR] |
Películas cinematográficas |
| Subdivisión geográfica [R] |
Reino Unido |
| Subdivisión de forma [R] |
DVD |
| 9 (RLIN) |
7903 |
| 700 1# - ASIENTO SECUNDARIO - NOMBRE PERSONAL [R] |
| Nombre personal [NR] |
Olivier, Laurence Kerr |
| Fechas asociadas con el nombre [NR] |
1907-1989 |
| Término de relación [R] |
|
| 700 1# - ASIENTO SECUNDARIO - NOMBRE PERSONAL [R] |
| Nombre personal [NR] |
Shakespeare, William |
| Fechas asociadas con el nombre [NR] |
1564-1616 |
| 710 2# - ASIENTO SECUNDARIO - NOMBRE CORPORATIVO [R] |
| Nombre corporativo o de jurisdicción como elemento de entrada [NR] |
Two Cities Films |
| 765 #4 - ASIENTO DE IDIOMA ORIGINAL [R] |
| Asiento principal [NR] |
The Chronicle History of King Henry the Fift with His Battell Fought at Agincourt in France (Henry V) |
| 856 04 - LOCALIZACION Y ACCESO ELECTRONICOS [R] |
| Identificador Uniforme del Recurso (“URI”) [R] |
<a href="http://www.youtube.com/watch?v=K_xaHuelVj8">http://www.youtube.com/watch?v=K_xaHuelVj8</a> |
| Nota dirigida al público [R] |
Siga este vínculo para ver el trailer. |
| 942 ## - ELEMENTOS DE ENTRADA AGREGADOS (KOHA) |
| Tipo de ítem principal el descrito en 300a |
Multimedia |
| Sistema de clasificación |
LOCAL |
| Tema principal |
Literatura |
| Edición |
1 |